[Event "Capablanca Memorial Elite 36th"]
[Site "Havana"]
[Date "2001.05.05"]
[Round "1"]
[White "Arencibia Rodriguez, Walter"]
[Black "Vallejo Pons, Francisco"]
[Result "0-1"]
[WhiteElo "2543"]
[BlackElo "2559"]
[Annotator "Psakhis,L"]
[PlyCount "66"]
[EventDate "2001.05.05"]
[EventType "tourn"]
[EventRounds "12"]
[EventCountry "CUB"]
[EventCategory "13"]
[SourceTitle "CBM 084"]
[Source "ChessBase"]
[SourceDate "2001.09.13"]
[SourceVersion "1"]
[SourceVersionDate "2001.09.13"]
[SourceQuality "1"]

1. e4 e6 2. d4 d5 3. exd5 {It is surprising, that so interesting chess player
as Arencibia has selected so boring variant!} exd5 4. Nf3 Bg4 (4... Nc6 $5 {
possibly is a easiest way to equalization.}) 5. Qe2+ Qe7 6. Be3 Nc6 7. Nc3
O-O-O 8. O-O-O Qe8 9. h3 Bh5 10. g4 Bg6 11. Ne5 Bb4 $1 12. Nxg6 hxg6 13. Qd3 (
13. Nb1 Nf6 14. Bg2 Na5 15. c3 Bd6 $11 {Gipslis,A-Mohrlok,D/corr 1997/ doesn,t
promice any chances for advantage.}) 13... Nge7 (13... Na5 14. a3 Bxc3 15. Qxc3
Qa4 16. Bf4 Nc4 17. Bg2 Nf6 18. Rhe1 Rhe8 19. g5 Nh5 20. Bh2 Qc6 21. h4 $14 {
1-0 Meijers,V-Abhau,J/Muenster op 1999 (35)}) 14. a3 $146 {New and good move.}
({After} 14. Ne2 Na5 $1 15. c3 Bd6 16. b3 Ba3+ 17. Kb1 Rd6 $1 {[%cal Gd6b6]
Black got initiative -} 18. Nf4 Rb6 19. Bc1 Qa4 20. Bxa3 Qxa3 21. Rd2 Re8 $36 {
0-1 Kasparov,G-Bukal,V/Zagreb simul 1994 (26)}) 14... Ba5 (14... Bd6 15. Bg2 (
15. Nb5 $5)) 15. Bg2 Kb8 16. Na4 {[%cal Ga4c5]} Ne5 ({Worth considering} 16...
Nc8 17. Qb5 a6 18. Qb3 N6e7 $14 {[%cal Gc8d6] but white's chances are slightly
better, thanks to couple of bishops.}) 17. dxe5 Qxa4 18. Kb1 Qc6 19. f4 {
[%cal Gf4f5]} Qe6 20. Rhf1 Bb6 21. Bc1 (21. Bxb6 $6 axb6 $11) 21... f5 22. exf6
(22. g5 c6 $13) 22... Qxf6 (22... gxf6 $5 23. Rde1 $36) 23. Rde1 {White
position is nice, but it is very difficult to meke real progress.} Rd7 24. Re5
(24. c4 $5 Rhd8 25. cxd5 Nxd5 26. Qb3 {[%cal Gf4f5]}) 24... c6 25. Rfe1 Qf7 26.
Re6 Bc7 {[%csl Rf4]} 27. Be3 Nc8 $6 (27... Qxe6 $4 28. Bxa7+) (27... Rhd8 $5
28. Bc5 Nc8 29. Qxg6 Qxf4 $14) 28. Rxg6 $2 {Strange move! After simple} (28.
Qxg6 $142 Qxg6 29. Rxg6 Re7 30. f5 $1 {Black need good advace, for example}
Rhe8 $140 31. Re6 Rxe6 32. fxe6) 28... Re8 29. f5 Rde7 {[%cal Re7e1] Black
manage to organize real counterplay} 30. Re2 $6 (30. Qc3 Nb6 31. b3 $5 (31. Bf2
Rxe1+ 32. Bxe1 Re2 $132)) 30... d4 $1 31. Qxd4 $2 {[%mdl 8192]} ({After} 31.
Bxc6 bxc6 32. Qxd4 Rd8 33. Qb4+ Nb6 34. b3 {Arencibia could still dream about
resistance}) 31... Rd8 {[%cal Rd8d1]} 32. Rxg7 $8 Rxd4 33. Bxd4 $2 (33. Rxf7
Rd1+ 34. Ka2 Rxf7 $19) 33... Qxg7 $1 0-1

[Event "EU-chT (Men) 12th"]
[Site "Batumi"]
[Date "1999.12.05"]
[Round "7.1"]
[White "Mitkov, Nikola"]
[Black "Shirov, Alexei"]
[Result "0-1"]
[WhiteElo "2509"]
[BlackElo "2734"]
[Annotator "Psakhis,L"]
[PlyCount "112"]
[EventDate "1999.11.06"]
[EventType "team-swiss"]
[EventRounds "9"]
[EventCountry "GEO"]
[SourceTitle "CBM 074"]
[Source "ChessBase"]
[SourceDate "2000.02.01"]
[SourceVersion "1"]
[SourceVersionDate "2000.02.01"]
[SourceQuality "1"]
[WhiteTeam "Macedonia"]
[BlackTeam "Spain"]
[WhiteTeamCountry "MKD"]
[BlackTeamCountry "ESP"]

1. e4 e6 2. d4 d5 3. exd5 exd5 4. Nf3 Bg4 (4... Nc6 $5 5. Bb5 Bd6 $11 {was the
simpliest was to equality}) 5. h3 Bh5 6. Qe2+ Qe7 7. Be3 Nc6 8. g4 Bg6 9. Nc3
O-O-O 10. O-O-O f6 11. Bg2 (11. a3 $5 Qd7 12. Nd2 f5 (12... Bf7 13. Nb3 Bd6 14.
Nb5 Nge7 15. Nxd6+ cxd6 16. Qd2 Kb8 17. Bf4 Ka8 18. Bd3 Bg6 19. Rhe1 Nc8 20.
Kb1 Nb6 21. Bxg6 hxg6 22. Qd3 g5 23. Bc1 Nc4 24. Nd2 N6a5 25. b3 Nb6 26. Bb2
Nc6 27. Re3 {Delgado Crespo,M-Galiano Martinez,A/Mislata op 1999 1-0 (53)}) 13.
Nb3 Nf6 14. f3 Bd6 15. Qd2 Rhe8 16. Bg5 fxg4 17. hxg4 Qf7 18. Nb5 Kb8 19. Nxd6
cxd6 20. Bd3 Bxd3 21. Qxd3 h6 22. Bd2 Re6 23. Na5 Nxa5 24. Bxa5 Rde8 25. Bd2
Nd7 {Kasparov,G-Short,N/Tilburg 1991/Inf 53/ /1/2-1/2 (57)}) 11... Qd7 $146 (
11... Qe8 12. Ne1 Nge7 13. Nd3 Bxd3 14. Qxd3 $14 Kb8 15. Rhe1 Qf7 16. a3 Nc8 {
1/2-1/2 Kasimdzhanov,R-Psakhis,L/Yerevan olm 1996 (16)}) 12. a3 Nge7 13. Bf4 {
[%cal Rc3b5]} Kb8 14. Na4 {[%cal Ga4c5]} (14. Nb5 Rc8) 14... Nc8 15. Nh4 (15.
Nc5 Bxc5 16. dxc5 Rhe8 17. Qd2 Be4 $13) 15... Bf7 16. Nf5 b6 ({Deserves
attention} 16... N6e7 $5 17. Nc5 Qc6 $13) 17. Nc3 N8e7 18. Ne3 $14 g5 19. Bg3
Bg7 {[%cal Gf6f5]} 20. Qa6 Qc8 (20... f5 21. gxf5 Nxf5 22. Nxf5 Qxf5 23. Nb5
Rd7 (23... Rc8 24. Rd3 Qd7 25. Rc3 $18 {[%cal Rc3c6]}) 24. Rd3 $36) 21. Qa4 Qb7
22. Rhe1 (22. Bf1 $142 {[%cal Gf1a6]}) 22... a6 23. Bf1 b5 $6 (23... Na5 $1 {
[%cal Gf7e8] was much stronger and leads to unclear consequenses}) 24. Bxb5 $1
{[%mdl 512]} axb5 25. Nxb5 Rd7 26. Rd3 (26. Bxc7+ $2 Rxc7 27. Nd6 Qb6 28. Nxf7
Ra7 $17) 26... Nc8 27. Na7 $2 {Mitkov missed chance to win game against one of
the strongest chessplayer in the world- after} (27. Nxc7 $1 Rxc7 (27... Nb6 28.
Na8+ $1 Kc8 29. Nxb6+ Qxb6 30. Qa8+ Nb8 31. Rc3+ $18) 28. Rc3 $1 {[%cal Ra4c6]
black is helpless, for example} (28. Rb3 Nb6 29. Qb5 Nxd4 $1) 28... Ne5 $8 (
28... f5 29. Nxf5) (28... N8e7 29. Rb3 $18) 29. dxe5 fxe5 (29... Rxc3 $2 30.
exf6+) (29... Nb6 30. Rxc7 Nxa4 (30... Qxc7 31. exf6 Nxa4 32. Bxc7+ Kxc7 33.
fxg7 Rb8 (33... Re8 $2 34. Nxd5+ $18) 34. Nf5 $18) 31. Rxb7+ Kxb7 32. Nf5 $1
fxe5 (32... Rg8 33. Nxg7 Rxg7 34. exf6) 33. Nd6+ Kb6 34. Nxf7 $18) 30. Rb3 Nb6
31. Qa5 Rc6 32. Nf5 Bf6 (32... d4 33. Bxe5+ Bxe5 34. Qxe5+ Ka7 35. Rb5 $18) 33.
Rxe5 $1 $18) 27... N8xa7 28. Rb3 Re8 29. Rd1 {[%cal Gd1d3]} Bg6 $1 30. Nf5 Bxf5
31. gxf5 Qxb3 32. Qxb3+ Ka8 $132 33. Qa4 Rde7 34. c4 (34. Kb1 $5 {[%cal Gb1a2,
Gd1d3]}) 34... dxc4 35. Qxc4 h5 $1 36. d5 Ne5 37. Bxe5 Rxe5 38. Kb1 Rc8 (38...
R5e7 $2 39. d6 $1 cxd6 (39... Rd7 40. Qe6 $3 Red8 (40... Rxe6 41. fxe6 $18) 41.
dxc7 $1 Rxd1+ 42. Ka2 R8d7 43. Qb6 $16) 40. Rxd6 $36) 39. Qa6 $6 (39. f4 $142
$1 {could be interesting possibility, for example after} Rxf5 $140 $2 40. d6
Rxf4 41. Qd5+ Kb8 (41... c6 42. Qa5 $18) 42. d7 Rd8 43. Rd3 $18 {White wins})
39... Rb8 (39... Rxf5 40. Rd4 Rf4 41. Rxf4 gxf4 42. d6 $1 $16) 40. Rc1 (40. d6
cxd6 41. Rxd6 Re7 $13) 40... Re7 41. Rc6 (41. d6 cxd6 42. Qxd6 Reb7 43. Qd5 $36
) 41... Bf8 42. b4 (42. Re6 Rd7 43. Qc4 $13) 42... Re1+ 43. Kb2 (43. Rc1 $5
Rxc1+ 44. Kxc1 Bd6 $15) 43... Bd6 {[%cal Gd6e5]} 44. Rxd6 cxd6 45. Qxd6 Re2+
46. Kb3 Rxf2 47. Qxf6 Rf3+ 48. Ka4 Rc8 49. d6 (49. Qxg5 $5 Rcc3 50. Qd8+ Kb7
51. Qd7+) 49... Rcc3 $1 $17 50. Qd8+ (50. Ka5 Rxa3+ 51. Kb6 Nc8+ 52. Kc7 Rac3+
53. Kd7 Rfe3 $1 $19 {[%csl Rd7]}) 50... Kb7 51. Qd7+ Kb6 52. Qd8+ Kb7 53. Qd7+
Kb6 54. Qd8+ Kc6 $1 55. b5+ $6 (55. Qe8+ $5 Kd5 (55... Kxd6 56. Qe6+ Kc7 57.
Qe7+ Kb6 58. Qd8+ Kb7 59. Qd7+ Ka8 60. Qd8+ Nc8 61. Qd5+ Kb8 62. Qe5+ Kb7 63.
Qd5+) 56. Qe6+ Kd4 57. Ka5 $1) 55... Kd5 $19 56. Qa8+ (56. Ka5 Nc6+ $1 57. bxc6
Rxa3+ 58. Kb6 Rfb3+ 59. Kc7 Ra7+ 60. Kc8 Ra8+ 61. Kd7 Rxd8+ 62. Kxd8 Kxd6 63.
c7 Rc3 $19) 56... Nc6 0-1

[Event "Montreal 3rd"]
[Site "Montreal"]
[Date "2002.08.02"]
[Round "8"]
[White "Bluvshtein, Mark"]
[Black "Degraeve, Jean Marc"]
[Result "0-1"]
[WhiteElo "2367"]
[BlackElo "2586"]
[Annotator "Psakhis,L"]
[PlyCount "76"]
[EventDate "2002.07.25"]
[EventType "tourn"]
[EventRounds "11"]
[EventCountry "CAN"]
[EventCategory "11"]
[SourceTitle "CBM 091"]
[Source "ChessBase"]
[SourceDate "2002.11.12"]
[SourceVersion "1"]
[SourceVersionDate "2002.11.12"]
[SourceQuality "1"]

1. e4 e6 2. d4 d5 3. Bd3 c5 4. c3 Nc6 (4... dxe4 5. Bxe4 Nf6 6. Bf3 Nc6 7. Ne2
Be7 8. O-O O-O 9. Be3 Qc7 10. Nd2 Rd8 {0-1 Noordhoek,H-Mainka,R/Baden Baden op
1993 (27)}) 5. Ne2 cxd4 $146 {Simple and strong move} (5... Nf6 6. Bg5 dxe4 7.
Bxe4 Be7 8. Bxf6 Bxf6 9. Bxc6+ bxc6 10. dxc5 O-O 11. Qxd8 Rxd8 12. Nd2 Ba6 13.
Ng3 Rab8 {1-0 Lukic,L-Ott,R/Winnipeg 2000 (23)}) 6. cxd4 (6. Nxd4 Nxd4 7. cxd4
dxe4 8. Bxe4 Nf6 9. Bf3 Bd6 $11) 6... Nb4 {Unfortunately for White, he cannot
now keep his light-squared bishop on the board, which greatly reduces his
attacking potential.} 7. Bb5+ (7. e5 Nxd3+ 8. Qxd3 Bd7 $11) 7... Bd7 8. Bxd7+
Qxd7 9. e5 Ne7 10. Nbc3 Nf5 11. a3 Nc6 12. b4 {This move may look active, but
it weakens White's position on the queen's side considerably, while not
bringing any definite benefits} Be7 13. O-O Rc8 14. Qd3 f6 15. g4 (15. f4 O-O)
15... Nh4 16. f4 {An attempt to launch an attack, which is easily suppressed
by black} f5 $1 (16... O-O) 17. h3 (17. g5 $5 h6 $15) 17... fxg4 18. hxg4 h5 $1
{Exploiting the main drawback of white's strategy.} 19. gxh5 (19. f5 hxg4 20.
fxe6 Qxe6 21. Nf4 Qh6 $40 {[%csl Rg1]}) 19... Nf5 {[%csl Gf5]} 20. Kg2 (20. b5
Ncxd4 $1 21. Nxd4 Nxd4 22. Qxd4 $140 $4 Bc5 $19) 20... Bh4 (20... Bf8 $5 {
[%cal Gd7f7]}) 21. Nb5 $1 Nce7 $5 (21... Rxh5 22. Nd6+ Nxd6 23. exd6 Qf7 {
[%cal Ge8d7]}) 22. a4 (22. Nxa7 Rc4 {[%csl Ra7]}) 22... a6 23. Nd6+ Nxd6 24.
exd6 Nf5 25. b5 $1 Rxh5 ({Another promising possibility was} 25... Rc4 $5) 26.
bxa6 bxa6 27. Ba3 (27. Qxa6 e5 $5 {[%cal Gd7g4]} 28. Rf3 Nxd6 $17) 27... Kf7
28. Rfc1 Rxc1 ({Perhaps Black should have considered} 28... Rc4 $142 $5 29.
Rxc4 $140 dxc4 30. Qxc4 $4 (30. Qe4 $142 Nxd6 $17) 30... Qb7+ $19) 29. Rxc1
Nxd6 30. Bxd6 (30. Qxa6 e5 $1) 30... Qxd6 31. Rc8 Rh6 32. Ra8 Be7 (32... Rg6+
$5 {Worth considering} 33. Kf3 Qe7 34. Rxa6 Be1 {[%cal Ge7h4] and this
position is still in Black's favour, as his king is relatively safe.}) 33. Rxa6
Qb4 34. f5 $1 {Suddenly White is back in the game!} Qb8 35. Qg3 $2 {[%mdl 8192]
Terrible mistake!} ({Simple} 35. fxe6+ $142 Kg8 $8 36. Ng3 $132 {gives to
White not so bad game.}) 35... Qb1 $1 $19 36. fxe6+ Kg8 37. Ra8+ Kh7 {[%csl
Rg2][%cal Rh6g6,Rb1h1]} 38. Kf2 Bh4 0-1

[Event "Minneapolis HB Global op"]
[Site "Minneapolis"]
[Date "2005.05.22"]
[Round "8"]
[White "Zarnicki, Pablo Adrian"]
[Black "Filippov, Valerij"]
[Result "0-1"]
[WhiteElo "2523"]
[BlackElo "2621"]
[Annotator "Psakhis,L"]
[PlyCount "61"]
[EventDate "2005.05.18"]
[EventType "swiss"]
[EventRounds "9"]
[EventCountry "USA"]
[SourceTitle "CBM 107"]
[Source "ChessBase"]
[SourceDate "2005.08.01"]
[SourceVersion "1"]
[SourceVersionDate "2005.08.01"]
[SourceQuality "1"]

1. e4 e6 2. d4 d5 3. exd5 exd5 4. Nf3 Nf6 5. Bd3 (5. Bg5 Be7 6. Bd3 O-O 7. O-O
Nc6 8. c3 Bg4 9. Nbd2 h6 10. Bh4 Nh5 11. Bxe7 Qxe7 12. h3 Be6 13. Re1 Nf4 14.
Bf5 Qf6 15. Bxe6 fxe6 16. Qc2 Rae8 17. Re3 Ne7 $11 {0-1 Dostal,P-Prandstetter,
E/CZE t-ch 2005 (41)}) 5... Bg4 6. O-O Be7 7. Bg5 O-O 8. Nbd2 Nbd7 9. Re1 c5
10. dxc5 (10. h3 Bh5 11. Qe2 Bd6 12. Qf1 Qc7 13. c3 h6 14. dxc5 Bxc5 15. Be3 a6
16. Nd4 Rae8 17. N2b3 Ba7 18. g3 Ne4 19. Bf4 Qb6 20. a4 f5 21. Qg2 Kh8 22. a5
Qf6 {1-0 Ulyanovskyy,V-Caselas,J/Batalha Mestres 2003/ChessBase (77)}) (10. Qc1
Rc8 11. c3 Bd6 12. Ne5 Qc7 13. Nxg4 Nxg4 14. h3 Bh2+ 15. Kf1 Nxf2 $1 16. Bf5
Nh1 17. Bxd7 Qxd7 18. Nf3 Qf5 19. Bh4 cxd4 20. Qb1 d3 $17 {0-1 Meijers,
V-Proehl,H/Godesburg GM 1995/ChessBase (46)}) 10... Nxc5 11. Nb3 Nce4 $146 (
11... Ne6 $5 12. Be3 (12. Bh4 Qb6 13. h3 Bh5 14. Re5 Bg6 15. Bxg6 hxg6 16. Nfd4
Rae8 17. Re1 Ne4 18. Bxe7 Rxe7 19. a4 a6 20. a5 Qc7 {1/2-1/2 Kosintseva,
T-Mkrtchian,L/Wch G20 Athens 2001/The Week in Chess 355 (29)}) 12... Ne4 13.
Nbd4 Bf6 14. Be2 a6 15. c3 Rc8 16. Nxe6 fxe6 17. Nd4 Bxe2 18. Qxe2 Qd7 19. Rad1
{1/2-1/2 Nevednichy,V-Markovic,M/YUG t-ch Novi Sad 2000/Ajelibre (19)}) 12. Be3
(12. Bxf6 Bxf6 13. Bxe4 $140 $6 dxe4 14. Rxe4 Bf5 $36) 12... Nd6 (12... Qc7
$142 $5 13. h3 Bh5 14. Nbd4 Rfe8 $11) 13. h3 Bf5 (13... Bh5 $6 14. g4 Bg6 15.
Bxg6 hxg6 16. g5 $16 {[%csl Rd5]}) 14. Bxf5 Nxf5 15. Qd3 $5 Nxe3 16. Rxe3 $14 {
[%csl Gd4]} Bd6 17. c4 $6 {Helping black to solve opening problems} (17. Rae1
$142 Ne4 $140 18. c4) 17... dxc4 18. Qxc4 Qb6 $11 19. Rc1 (19. Qd4 Qa6) (19.
Rae1 $5) 19... Rad8 (19... Rae8 $11) 20. Ne5 g6 21. Qh4 (21. a4 $5) 21... Nd5
22. Nc4 (22. Ree1 Rfe8 23. Nc4 $140 Qb4) 22... Qa6 23. Rd3 Nf4 $5 {Despite the
simplifications White still did not solved all problems.} (23... Be7 24. Qe4
Bg5 $1 25. Rcd1 (25. Rxd5 $2 Bxc1 $19) 25... Nf6 26. Qf3 Rxd3 27. Qxd3 Rc8 $15)
24. Re3 (24. Rxd6 Ne2+ 25. Kf1 Rxd6 26. Kxe2 Rc8 $44 {[%csl Ga6,Gc8,Gd6,Re2]
[%cal Ra6e2]}) 24... Qc6 $36 25. f3 $8 (25. Qg4 h5 26. Qf3 Qxf3 27. gxf3 Nxh3+
$19) 25... Bb8 {[%csl Gf4]} (25... Rde8 $15) 26. Kh1 {White played too
passively and very often that strategy leads to disaster.} (26. Ne5 Qa4 $5 (
26... Qb6 27. Nc4 Qb5 $15)) 26... Qd5 $17 27. Ncd2 (27. Qe7 $5 {[%cal Ge7c5]})
27... f5 {Unnacessary move.} (27... g5 $142 $5 28. Qe1 Nd3 29. Rxd3 Qxd3 30.
Ne4 Bf4 $19) 28. Qe1 $2 ({The lesser evil for White was} 28. Re7 $8 h5 (28...
Nh5 29. Nf1 Bd6 30. Ree1 $15) 29. Qg5 $15) 28... Nd3 $19 29. Rxd3 Qxd3 30. Nc4
Bf4 31. Nc5 (31. Nc5 Qd5 32. Ne3 Qd4 $19) 0-1

[Event "GER-ch 73th"]
[Site "Altenkirchen"]
[Date "2001.12.05"]
[Round "6"]
[White "Berezovsky, Igor"]
[Black "Singer, Christoph"]
[Result "1-0"]
[WhiteElo "2432"]
[BlackElo "2300"]
[Annotator "Psakhis,L"]
[PlyCount "63"]
[EventDate "2001.11.30"]
[EventType "swiss"]
[EventRounds "9"]
[EventCountry "GER"]
[SourceTitle "CBM 087"]
[Source "ChessBase"]
[SourceDate "2002.03.21"]
[SourceVersion "1"]
[SourceVersionDate "2002.03.21"]
[SourceQuality "1"]

1. c4 e6 2. e4 d5 3. exd5 exd5 4. d4 Nf6 5. Nc3 Be7 6. Nf3 O-O 7. Bd3 Nc6 (7...
Bg4 $5) 8. h3 {White choose very modest setup and black equalise easy} (8. O-O
Bg4 9. Be3 Nb4 10. Be2 dxc4 11. Bxc4 Nbd5 12. h3 Be6 13. Bb3 h6 (13... Nxe3 14.
fxe3 Bxb3 15. Qxb3 c5 16. Qxb7 cxd4 17. exd4 Bd6 18. Rad1 Rb8 19. Qxa7 Rxb2 20.
Rb1 Rc2 21. Rfc1 Rxc1+ 22. Rxc1 Bf4 23. Re1 h6 24. a4 Qd6 25. Qc5 Qxc5 26. dxc5
Nd7 27. Nd5 Bg3 28. Rc1 {Dittmar,P-Beikert,G/Oberliga Baden 2001/EXT 2002/1-0 
(46)}) 14. Re1 c6 15. Bd2 Re8 16. Rc1 Bf8 17. Ne5 Nc7 18. Be3 Ncd5 19. Qf3 Nxe3
20. Bxe6 Rxe6 21. fxe3 Bd6 22. Nc4 Bc7 {Miezis,N-Tatai,S/Linares op 1995/1-0 
(36)}) 8... Nb4 9. Be2 $146 (9. Be3 $6 Nxd3+ 10. Qxd3 dxc4 11. Qxc4 Be6 12. Qd3
Nd5 13. Bd2 Re8 14. a3 Bf6 15. Rf1 Bf5+ 16. Qe2 Rxe2+ 17. Nxe2 Qe7 18. Kd1 c5
19. Rc1 Bd3 20. Re1 Qd7 21. Rxc5 Rc8 {0-1 Kastner,T-Roos,K/Passau op 1998 (30)}
) 9... Bf5 10. O-O dxc4 11. Bxc4 Nc2 12. Nh4 {Brave decision! Berezovsky
doesn't want to finish game so quickly and decided to sacrifice pawn, possibly
without enough compensation for it} (12. Rb1 Nb4 $11) 12... Nxd4 ({After} 12...
Be4 13. Nxe4 Nxa1 14. Nc3 {[%csl Ra1] knight a1 can't escape}) 13. Nxf5 Nxf5
14. Qf3 Qc8 (14... Nd6 $5) 15. Re1 Nh4 ({Worth considering} 15... Re8 $5 $13 {
protecting bishop}) (15... Rd8 16. Nd5 $1 Nxd5 17. Bxd5 c6 18. Be4) 16. Qe2 Ng6
17. Qc2 c6 18. Be3 b5 $6 {Beggining of the wrong plan - Black weaken pawn
structure on the queen's side without any real reason} (18... Qc7 $142 $15) 19.
Bb3 a5 20. a4 $1 b4 (20... Qb7 $5) 21. Ne4 Nxe4 22. Qxe4 Bf6 23. Rac1 Bxb2 24.
Rxc6 Qd7 $6 {Innacuracy! After correct} (24... Qe8 $5 25. Bb6 Qxe4 26. Rxe4 $44
{White will have enough compensation for the pawn, but, possibly , nothing more
}) 25. Rd1 Qe7 $6 {Second mistake in row will have more serious consequances
for Black!} (25... Qe8 $142 $5) 26. Qc2 $1 {Now Black lose exchange and ,
after short fight , game.} Bc3 27. Bc5 Qb7 (27... Qe5 28. Bxf8 Rxf8 29. Qd3 $16
) 28. Bxf8 Qxc6 29. Bd5 Qe8 30. Bxa8 Qxa8 31. Bc5 $16 Nf4 $2 {Final mistake}
32. Qe4 $1 (32. Qe4 Qb8 33. Qxf4) 1-0

[Event "RUS-Cup03 Geller Memorial"]
[Site "Moscow"]
[Date "1999.02.07"]
[Round "6"]
[White "Zaitsev, Vadim"]
[Black "Volkov, Sergey"]
[Result "0-1"]
[WhiteElo "2412"]
[BlackElo "2587"]
[Annotator "Psakhis,L"]
[PlyCount "68"]
[EventDate "1999.02.10"]
[EventType "swiss"]
[EventRounds "9"]
[EventCountry "RUS"]
[SourceTitle "CBM 070"]
[Source "ChessBase"]
[SourceDate "1999.06.08"]
[SourceVersion "1"]
[SourceVersionDate "1999.06.08"]
[SourceQuality "1"]

{[%mdl 32768]} 1. e4 e6 2. d4 d5 3. exd5 exd5 4. Nf3 Nc6 {Simpliest way to
equalize game} 5. Bd3 {Rare move, ussualy white continue} (5. Bb5 {but after
for example} Bd6 6. c4 ({or} 6. O-O Nge7 7. c4 dxc4 8. Bxc4 O-O 9. h3 Bf5 10.
Nc3 a6 11. Re1 Bg6 12. Bg5 h6 13. Bh4 Re8 14. a3 Qd7 15. g4 b5 16. Bb3 Rad8 $11
{0-1 Zude,A-Uhlmann,W/Frankfurt 1990 (41)}) 6... dxc4 7. d5 a6 8. Ba4 b5 9.
dxc6 bxa4 10. O-O Ne7 11. Qxa4 O-O 12. Nbd2 Rb8 13. a3 Rb5 14. Nxc4 Nxc6 15.
Nxd6 cxd6 16. Bg5 Qd7 17. Rad1 Rxb2 {Black has no troubles, 1/2-1/2 Gubanov,
A-Volkov,S/St.Petersburg Petrov 1996 (20)}) 5... Nb4 (5... Bg4 $5) 6. Be2 ({
Maybe slightly stronger} 6. Bb5+ $5 {but after} Bd7 (6... c6 7. Be2 {[%csl Rb4]
}) 7. Qe2+ Be7 8. Bxd7+ Qxd7 9. Ne5 Qc8 ({it will be interesting to check also
} 9... Qe6 {with possible continuation} 10. Qb5+ c6 11. Qxb7 Rd8 12. Kd1 Qf5
13. Na3 Qxf2 14. c3 f6 15. Nxc6 Qxg2 $132) 10. a3 Na6 11. Nc3 c6 12. Bd2 Nf6
13. O-O O-O $11 {1-0 Milov,V-Barsov,A/NRW-II 1996 (39)}) 6... Bf5 7. Na3 Nc6 $1
8. O-O {Zaitsev doesn,t worry about doubled pawns, I would prefer super modest}
(8. Nb1 $5 $11 {with equal chances}) 8... Bxa3 9. bxa3 Nge7 {Also possible} (
9... Nf6 10. Rb1 Rb8 11. Ne5 O-O 12. Rb3 Re8 13. Bf4 Nxe5 14. Bxe5 Ne4 $11 {
0-1 Seferjan,N-Kastanieda,G/Moscow Pripis mem. 1997 (46)}) 10. Rb1 b6 11. Nh4
Be4 $1 {provoces white for the next move} 12. f3 Bg6 13. f4 {After you say "a"
and must say and "b"} Be4 14. f5 Qd6 15. g3 (15. Bf4 Qf6 {[%csl Rd4,Rf5,Rh4]})
(15. f6 $142 $5 gxf6 16. Rb3 {[%cal Gc1f4]}) 15... O-O-O 16. Rb3 Qf6 17. Be3 (
17. c3 Rhe8 {[%csl Rb3]}) 17... Na5 $1 18. Rc3 Nc4 $1 $17 {It is difficult to
call this move as a pawn sacrifise-to many good squares black gets in exchange}
19. Bxc4 dxc4 20. Qg4 $2 {White position is veru unpleasand and after} (20.
Rxc4 Nd5 $36 {[%csl Gd5,Ge4] but move in the text lose quicker}) 20... Nd5 $1 {
Maybe Zaitsev overlooked this simple combination ?} 21. Qxe4 Rhe8 22. Qf3 Nxc3
$19 23. Qa8+ Kd7 24. Qf3 Qc6 25. Qf2 (25. d5 Qxd5) 25... Kc8 $19 26. Nf3 Qe4
27. Re1 Qxf5 28. Qg2 Qd5 (28... Nd5 $19) 29. Qh3+ Kb8 30. Kf2 Qe4 31. Ne5 f6 (
31... Rxe5 32. dxe5 Nd1+ $19) 32. Nf3 (32. Nxc4 Qxc2+ 33. Nd2 Rxe3 $1 34. Kxe3
Re8+) 32... Qxc2+ (32... Nd1+ $1) 33. Kf1 Qd3+ 34. Kf2 Rxe3 0-1